000 00753nam a2200229 a 4500
999 _c3170
_d3170
001 3170
003 BD-JhCC
005 20171112173729.0
008 171111s1985 bg |||| |||| 000 0 ben d
035 _a(BD-JhCC)
040 _aBD-JhCC
_dBD-JhCC
041 _aben
082 _a301.3
_bMAS 1985
100 _aমাসুদ, হায়াৎ
245 _aঅমর একুশে /
_cহায়াৎ মাসুদ
260 _aঢাকা:
_bবাংলা একাডেমী ;
_c১৯৮৫
300 _a৯৩ পৃ.;
_c১৮ সেমি
490 _aSeries in honour of the Martyrs of the Language Movement of February 1952.
504 _aIncludes bibliography
650 _aLanguage movement (21st, 1952)
942 _2ddc
_cBK